Merchants, pilgrims, and highwaymen ; a history of roads through the ages.

Bibliographic Details
Main Author: Schreiber, Hermann, 1920-
Format: Book
Language:English
Published: New York : Putnam, [1962]
Edition:[1st American ed.].
Subjects:

MARC

Tag First Indicator Second Indicator Subfields
LEADER 00000cam a2200000 4500
001 in00000425331
005 20151012054309.0
008 750519c19621961nyua b 00000 eng u
010 |a  61015079  
035 |a (OCoLC)01342630 
035 |9 ABU7223AM 
040 |c ORL  |d m.c.  |d OCL  |d TXA  |d UtOrBLW 
049 |a TXAM  |c [343350] 
050 0 0 |a TE15  |b .S313 
082 0 |a 388.109 
092 |a 388.109  |b S378m 
100 1 |a Schreiber, Hermann,  |d 1920- 
245 1 0 |a Merchants, pilgrims, and highwaymen ;  |b a history of roads through the ages. 
250 |a [1st American ed.]. 
264 1 |a New York :  |b Putnam,  |c [1962] 
264 4 |c [©1961] 
300 |a 236 pages :  |b illustrations ;  |c 23 cm. 
336 |a text  |b txt  |2 rdacontent 
337 |a unmediated  |b n  |2 rdamedia 
338 |a volume  |b nc  |2 rdacarrier 
500 |a Translation of Sinfonie der Strasse. 
504 |a Includes bibliographies. 
650 0 |a Roads  |x History. 
999 |a MARS 
999 f f |s 42eaea39-51ae-305b-a6f0-23a068fee0b5  |i fb68c8e2-b8e7-321e-90fb-0257681792f6  |t 0 
952 f f |p ric  |a Texas A&M University  |b Rellis Campus  |c Joint Library Facility  |d Remote Storage  |t 0  |e TE15 S313  |h Library of Congress classification  |i unmediated -- volume  |m A14809743458 
998 f f |a TE15 S313  |t 0  |l Remote Storage